000 01312cam a2200361 a 4500
999 _c6930
_d6930
001 17725579
003 GZU
005 20210503155503.0
008 130506s2012 sa a b 001 0 eng d
010 _a 2012554104
015 _aGBB274344
_2bnb
016 7 _a016135090
_2Uk
020 _a9780199057139 (pbk.)
020 _a0199057133 (pbk.)
035 _a(OCoLC)ocn805011121
040 _aUKMGB
_beng
_cUKMGB
_dOCLCO
_dZ@L
_dYDXCP
_dBWK
_dYNK
_dBWX
_dDLC
042 _alccopycat
050 0 0 _aHD38.5
_b.V64 2012
082 0 4 _a658.5
_223
100 1 _aPienaar, W. J.
_q(Wessel Johannes),
_d1950-
245 1 0 _aBusiness logistics management :
_ba value chain perspective /
_cWessel J. Pienaar & John J. Vogt.
250 _a4th ed.
260 _aCape Town ;
_aOxford ;
_aNew York :
_bOxford University Press,
_c2012.
300 _ax, 472 p. :
_bill. ;
_c24 cm.
500 _aJohn J. Vogt's name appeared as the first named author in earlier editions.
500 _aPrevious ed.: 2009.
504 _aIncludes bibliographical references and index.
650 0 _aBusiness logistics.
700 1 _aVogt, J. J.
_q(John J.)
906 _a7
_bcbc
_ccopycat
_d3
_encip
_f20
_gy-gencatlg
942 _2lcc
_cBK
_e4th ed.
_h38.5
_iPIE
_kHD
_m2012